Statistiques concernant Classes de personnages - Diablo

Cliquez ici pour prendre le quiz!

Statistiques générales

  • Ce quiz a été pris 12 fois
  • Le résultat moyen est 10 sur 18

Statistiques - réponses

Opus Classe de personnage % Correct
Diablo IIIBarbare
80%
Diablo IIBarbare
80%
Diablo III (Extension)Nécromancien
80%
Diablo IINécromancien
80%
Diablo IIISorcière
70%
Diablo IISorcière
70%
Diablo IIIMoine
60%
Diablo I (Extension)Moine
60%
Diablo IGuerrier
60%
Diablo IIPaladin
60%
Diablo IArchère
50%
Diablo IIIChasseuse de Démon
50%
Diablo IIAmazone
50%
Diablo II (Extension)Assassin
50%
Diablo II (Extension)Druide
50%
Diablo IMagicien
40%
Diablo IIIFéticheur
30%
Diablo III (Extension)Croisé
20%

Distribution des résultats

Percentile by Number Answered

% des personnes avec chaque résultat

Votre développement - résultats

Vous n’avez pas pris ce quiz